书目信息 |
| 题名: |
地下水硝酸盐污染治理研究
|
|
| 作者: | 李玉中 著 | |
| 分册: | ||
| 出版信息: | 北京 中国农业科学技术出版社 2014 |
|
| 页数: | 312页 | |
| 开本: | 24cm | |
| 丛书名: | ||
| 单 册: | ||
| 中图分类: | X523 | |
| 科图分类: | ||
| 主题词: | 地下水污染--硝酸盐--污染防治--研究 | |
| 电子资源: | ||
| ISBN: | 978-7-5116-1939-6 | |
| 000 | 00874nam0 2200229 450 | |
| 001 | 3713 | |
| 005 | 20160927091647.81 | |
| 010 | @a978-7-5116-1939-6@b平装@dCNY60.00 | |
| 100 | @a20150323d2014 em y0chiy50 ea | |
| 101 | 0 | @achi |
| 102 | @aCN@b110000 | |
| 105 | @aa z 000yy | |
| 200 | 1 | @a地下水硝酸盐污染治理研究@9di xia shui xiao suan yan wu ran zhi li yan jiu@f李玉中等著 |
| 210 | @a北京@c中国农业科学技术出版社@d2014 | |
| 215 | @a312页@c照片@d24cm | |
| 304 | @a著者还有:王利民、徐春英、曹国民、董一威等 | |
| 330 | @a本书内容包括:地下水硝酸盐污染综合治理现状、我国地下水硝酸盐污染特征分析、地下水硝酸盐污染溯源、地下水硝酸盐污染控制技术、地下水硝酸盐处理技术研究等。 | |
| 606 | 0 | @a地下水污染@x硝酸盐@x污染防治@x研究 |
| 690 | @aX523@v5 | |
| 701 | 0 | @a李玉中@9li yu zhong@f(1964.10~)@4著 |
| 801 | 0 | @aCN@b唐山师范学院图书馆@c20151002 |
| 905 | @aZUCC@dX523@e150 | |
| 地下水硝酸盐污染治理研究/李玉中等著.-北京:中国农业科学技术出版社,2014 |
| 312页:照片;24cm |
| ISBN 978-7-5116-1939-6(平装):CNY60.00 |
| 本书内容包括:地下水硝酸盐污染综合治理现状、我国地下水硝酸盐污染特征分析、地下水硝酸盐污染溯源、地下水硝酸盐污染控制技术、地下水硝酸盐处理技术研究等。 |
| ● |
| 相关链接 |
|
|
|
|
正题名:地下水硝酸盐污染治理研究
索取号:X523/150
 
预约/预借
| 序号 | 登录号 | 条形码 | 馆藏地/架位号 | 状态 | 备注 |
| 1 | 906338 | 209063387 | 第二样本阅览室/ [索取号:X523/150] | 在馆 | |
| 2 | 906339 | 209063396 | 第三借阅区/ [索取号:X523/150] | 在馆 | |
| 3 | 906340 | 209063403 | 第三借阅区/ [索取号:X523/150] | 在馆 | |
| 4 | 906341 | 209063412 | 第三借阅区/ [索取号:X523/150] | 在馆 | |
| 5 | 906342 | 209063421 | 密集书库-化学系/ [索取号:X523/150] | 在馆 |